[Event "Olympiad"]
[Site "masterchessopen.com Moscow (Russia)"]
[Round "12"]
[White "Abdul Wahab A Rasheed (IRQ)"]
[Black "Barua Dibyendu (IND)"]
[Result "0-1"]
[WhiteElo "2375"]
[BlackElo "2495"]

1.d4 d5 2.c4 dxc4 3.Nf3 Nf6 4.Nc3 c6 5.a4 Bf5 6.e3 e6 7.Bxc4 Bb4 8.O-O O-O
9.Qe2 Nbd7 10.e4 Bg6 11.e5 Nd5 12.Ne4 Be7 13.Rd1 a5 14.Bd3 c5 15.dxc5 Nxc5
16.Nxc5 Bxc5 17.Bxg6 fxg6 18.Be3 Bxe3 19.fxe3 Qb6 20.Ra3 Rac8 21.Nd4 Rc5 22.h3
Nb4 23.Nf3 Qc7 24.Rb3 h6 25.Rd6 Rc2 26.Rd2 Rc6 27.Qb5 Kh7 28.Nd4 Rc1+ {#R} 0-1

[Event "It (open) \"]
[Site "masterchessopen.com Budapest (Hungary)"]
[Round "0"]
[White "Szobi Geza Jr (HUN)"]
[Black "Varga Peter (HUN)"]
[Result "0-1"]
[WhiteElo "2205"]
[BlackElo "2415"]

1.d4 d5 2.c4 c6 3.Nf3 Nf6 4.Nc3 dxc4 5.a4 Bf5 6.e3 e6 7.Bxc4 Bb4 8.O-O O-O
9.Qe2 Bg4 10.h3 Bxf3 11.Qxf3 Nbd7 12.Rd1 Rc8 13.e4 e5 14.dxe5 Nxe5 15.Qe2 Qe7
16.Bb3 Ng6 17.f3 Bd6 18.Be3 Qe5 19.Qf2 a5 20.Rxd6 Qxd6 21.Bc5 Qc7 22.Bxf8 Rxf8
23.Rd1 Nf4 24.Ne2 Nxe2+ 25.Qxe2 Qb6+ 26.Kh2 Qxb3 27.e5 Nd5 28.e6 Qxa4 {#R} 0-1

[Event "It (open)"]
[Site "masterchessopen.com Cappelle la Grande (France)"]
[Round "2"]
[White "Shabalov Alexander (USA)"]
[Black "Kirov Nino (BUL)"]
[Result "0-1"]
[WhiteElo "2555"]
[BlackElo "2460"]

1.d4 d5 2.c4 c6 3.Nf3 Nf6 4.Nc3 dxc4 5.a4 Bf5 6.e3 e6 7.Bxc4 Bb4 8.O-O O-O
9.Qe2 Bg6 10.Ne5 Nbd7 11.Nxg6 hxg6 12.Rd1 Qa5 13.e4 e5 14.Na2 Be7 15.b4 Qc7
16.Bb2 exd4 17.Rxd4 Ne5 18.Bb3 g5 19.Rc1 Rad8 20.h3 Rxd4 21.Bxd4 Rd8 22.Ba1
Bd6 23.Rd1 Qe7 24.Qe3 g4 25.Qg5 Re8 26.hxg4 Nexg4 27.f3 Bh2+ 28.Kf1 Be5
29.fxg4 Bxa1 30.Rxa1 Qxe4 31.Rd1 Nxg4 32.Kg1 Qe1+ {#R} 0-1

[Event "Czech League 1994/95 (2nd) (c)"]
[Site "masterchessopen.com Czech Republic"]
[Round "3"]
[White "Hrivnak Daniel (CZE)"]
[Black "Chura Jan (CZE)"]
[Result "1-0"]
[WhiteElo "2237"]
[BlackElo "2222"]

1.d4 d5 2.c4 c6 3.Nc3 Nf6 4.Nf3 dxc4 5.a4 Bf5 6.e3 e6 7.Bxc4 Bb4 8.O-O O-O
9.Qe2 Bg4 10.Rd1 Qa5 11.e4 Qh5 12.e5 Nd5 13.Ne4 Bxf3 14.gxf3 Nd7 15.Ng3 Qh3
16.f4 f5 17.a5 Rf7 18.Rd3 Nf8 19.Rb3 c5 20.dxc5 Rd8 21.Nf1 Nc3 22.bxc3 Bxc5
23.Be3 Ng6 24.Kh1 Nh4 25.f3 Rc7 26.Bxe6+ Kh8 27.c4 Bxe3 28.Rxe3 Rc6 29.Bf7 Rg6
30.Bxg6 hxg6 31.Qf2 {#r} 1-0

[Event "Mecklenburg Landesliga"]
[Site "masterchessopen.com Germany"]
[Round "3"]
[White "Kliewe Hans-Juergen (GER)"]
[Black "Nevermann Jens"]
[Result "1-0"]
[WhiteElo "2105"]
[BlackElo "1930"]

1.d4 d5 2.c4 c6 3.Nf3 Nf6 4.Nc3 dxc4 5.a4 Bf5 6.e3 e6 7.Bxc4 Bb4 8.O-O O-O
9.Qe2 Qe7 10.e4 Bg6 11.Bg5 Qc7 12.Bxf6 gxf6 13.Nh4 c5 14.d5 Bxc3 15.bxc3 e5
16.f4 exf4 17.Qg4 h5 18.d6 hxg4 19.dxc7 Bxe4 20.cxb8=Q Raxb8 21.Rxf4 {#r} 1-0

[Event "It (open)"]
[Site "masterchessopen.com Haarlem (Netherlands)"]
[Round "1"]
[White "Riemersma Liafbern (NED)"]
[Black "Bouma Albert (NED)"]
[Result "1-0"]
[WhiteElo "2415"]
[BlackElo "1986"]

1.d4 d5 2.c4 c6 3.Nf3 Nf6 4.Nc3 dxc4 5.a4 Bf5 6.e3 e6 7.Bxc4 Bb4 8.O-O O-O
9.Qe2 Bg6 10.Rd1 Nbd7 11.Ne5 Ne4 12.Nxg6 Nxc3 13.bxc3 Bxc3 14.Ra3 hxg6 15.Rxc3
Nb6 16.Bb3 Qe7 17.e4 Qb4 18.Rh3 Nxa4 19.Qg4 Rfe8 20.Qh4 {#r} 1-0

[Event "It (open)"]
[Site "masterchessopen.com Haarlem (Netherlands)"]
[Round "2"]
[White "Wohlfart Hubert (AUT)"]
[Black "De Rover Yong Hoon (NED)"]
[Result "1-0"]
[WhiteElo "2135"]
[BlackElo "2264"]

1.d4 d5 2.Nf3 Nf6 3.c4 c6 4.Nc3 dxc4 5.a4 Bf5 6.e3 e6 7.Bxc4 Bb4 8.O-O O-O
9.Qe2 Ne4 10.Na2 Bd6 11.Ne5 f6 12.Nd3 Qc7 13.Kh1 b5 14.axb5 cxb5 15.Bb3 Bxh2
16.Qh5 Ng5 17.e4 Bxe4 18.Nc5 Bf4 19.Nxe4 Nxe4 20.Qg4 Nd2 21.Qxe6+ Kh8 22.Bxd2
Bxd2 23.Bd5 Nd7 24.Bxa8 Rxa8 25.Rad1 Nf8 26.Qe4 Rd8 27.Rxd2 Qc4 28.Qb1 Ne6
29.Rc1 {#r} 1-0

[Event "It (open)"]
[Site "masterchessopen.com Leeuwarden (Netherlands)"]
[Round "3"]
[White "Hjartarson Johann (ISL)"]
[Black "Houtman Joop (NED)"]
[Result "1-0"]
[WhiteElo "2570"]
[BlackElo "2405"]

1.d4 d5 2.c4 c6 3.Nf3 Nf6 4.Nc3 dxc4 5.a4 Bf5 6.e3 e6 7.Bxc4 Bb4 8.O-O O-O
9.Qe2 Bg6 10.Ne5 Bh5 11.g4 Bg6 12.Nxg6 hxg6 13.g5 Nh5 14.f4 c5 15.Na2 Nc6
16.Nxb4 cxb4 17.Bd2 Rc8 18.Rac1 a5 19.Bb3 Qb6 20.Qb5 Qxb5 21.axb5 Ne7 22.e4
Rcd8 23.Be3 Rd7 24.b6 Rc8 25.Ba4 Nc6 26.Rc5 Rdd8 27.Rfc1 Ne7 28.Rc7 {#r} 1-0

[Event "It (open)"]
[Site "masterchessopen.com Sala (Slovakia)"]
[Round "1"]
[White "Zhidkov Valery S (UKR)"]
[Black "Holubcik Marian (SVK)"]
[Result "1-0"]
[WhiteElo "2325"]
[BlackElo "2003"]

1.Nf3 Nf6 2.c4 c6 3.d4 d5 4.Nc3 dxc4 5.a4 Bf5 6.e3 e6 7.Bxc4 Bb4 8.O-O O-O
9.Qe2 Nbd7 10.e4 Bg4 11.Bf4 Re8 12.e5 Nd5 13.Nxd5 cxd5 14.Bd3 Be7 15.h3 Bxf3
16.Qxf3 Rc8 17.Rfc1 a6 18.Rxc8 Qxc8 19.a5 Qc7 20.Qd1 Rc8 21.Qa4 Qc6 22.Qxc6
Rxc6 23.Bd2 Nb8 24.b4 h6 25.Rb1 b5 26.axb6 Rxb6 27.b5 axb5 28.Ba5 Ra6 29.Bc7
Ra3 30.Bxb5 Na6 31.Bd6 Bxd6 32.exd6 Kf8 {#r} 1-0

[Event "It (open)"]
[Site "masterchessopen.com Zalakaros (Hungary)"]
[Round "4"]
[White "Medl F"]
[Black "Porubszky-Angyalosine Maria (HUN)"]
[Result "0-1"]
[WhiteElo "2060"]
[BlackElo "2023"]

1.d4 d5 2.c4 c6 3.Nc3 Nf6 4.Nf3 dxc4 5.a4 Bf5 6.e3 e6 7.Bxc4 Bb4 8.O-O O-O
9.Qe2 Ne4 10.a5 Nxc3 11.bxc3 Bxc3 12.Bb2 Bxa5 13.Ba3 Re8 14.Qb2 b5 15.Be2 Bb6
16.Rac1 a5 17.Bc5 Nd7 18.Rfd1 Bxc5 19.dxc5 Qc7 20.Rd4 e5 21.Rh4 Bg6 22.Ng5 Qd8
23.Rg4 Qe7 24.Qc3 Bh5 25.Qd3 Bg6 26.Qc3 Nf6 27.Rh4 Nd5 {#R} 0-1

[Event "It (open)"]
[Site "masterchessopen.com Litomysl (Czech Republic)"]
[Round "2"]
[White "Belunek Vladimir (CZE)"]
[Black "Milov Leonid (GER)"]
[Result "0-1"]
[WhiteElo "2215"]
[BlackElo "2455"]

1.d4 d5 2.c4 c6 3.Nf3 Nf6 4.Nc3 dxc4 5.a4 Bf5 6.e3 e6 7.Bxc4 Bb4 8.O-O O-O
9.Qe2 Bg6 10.Ne5 Nbd7 11.Rd1 Nxe5 12.dxe5 Nd7 13.f4 Qe7 14.Na2 Nb6 15.Bb3 Rfd8
16.e4 Rxd1+ 17.Bxd1 Rd8 18.Bc2 Bh5 19.Qf2 Bc5 20.Be3 Bxe3 21.Qxe3 Qd7 22.Nc3
Nc4 23.Qh3 Nxb2 24.f5 Qd4+ 25.Kh1 Nd3 26.Bxd3 Qxc3 27.Rg1 Rxd3 28.Qxh5 Qxe5
{#R} 0-1

[Event "Ch Denmark (juniors)"]
[Site "masterchessopen.com Lyngby (Denmark)"]
[Round "2"]
[White "Sylvan Jacob (DEN)"]
[Black "Johansen Terje (NOR)"]
[Result "1-0"]
[WhiteElo "2285"]
[BlackElo "2375"]

1.d4 d5 2.Nf3 Nf6 3.c4 c6 4.Nc3 dxc4 5.a4 Bf5 6.e3 e6 7.Bxc4 Bb4 8.O-O O-O
9.Qe2 Nbd7 10.e4 Bg6 11.Bd3 Bh5 12.Rd1 Qe7 13.e5 Nd5 14.Ne4 f6 15.exf6 gxf6
16.Ng3 Bg6 17.Bxg6 hxg6 18.Nh4 Kf7 19.Nxg6 Kxg6 20.Qh5+ Kg7 21.Rd3 Bd6 22.Nf5+
exf5 23.Bh6+ Kg8 24.Qg6+ Kh8 25.Rh3 Qh7 26.Bg7+ {#r} 1-0

[Event "It (open) \"]
[Site "masterchessopen.com Prague (Czech Republic)"]
[Round "7"]
[White "Kuznetsov Oleg Y (RUS)"]
[Black "Mikulcik Ladislav (CZE)"]
[Result "1-0"]
[WhiteElo "2252"]
[BlackElo "2290"]

1.d4 d5 2.c4 dxc4 3.Nf3 Nf6 4.Nc3 c6 5.a4 Bf5 6.e3 e6 7.Bxc4 Bb4 8.O-O O-O
9.Qe2 Bg6 10.Ne5 Bh5 11.g4 Bg6 12.f4 Nbd7 13.f5 exf5 14.Nxg6 hxg6 15.gxf5 gxf5
16.Rxf5 Nb6 17.Bd3 Nbd5 18.Bd2 Be7 19.Raf1 Nc7 20.Be1 g6 21.Qg2 Nfd5 22.R5f3
Bg5 23.Bd2 Ne6 24.Rg3 Bxe3+ 25.Bxe3 Nxe3 26.Rxg6+ {#r} 1-0

[Event "Ch Lithuania"]
[Site "masterchessopen.com Vilnius (Lithuania)"]
[Round "5"]
[White "Rocius Marijonas (LTU)"]
[Black "Kasparavicius Laimutis (LTU)"]
[Result "1-0"]
[WhiteElo "2184"]
[BlackElo "2098"]

1.d4 d5 2.Nf3 Nf6 3.c4 c6 4.Nc3 dxc4 5.a4 Bf5 6.e3 e6 7.Bxc4 Bb4 8.O-O O-O
9.Qe2 Nbd7 10.Rd1 Ne4 11.Nxe4 Bxe4 12.Nd2 Bg6 13.Nb3 Qe7 14.e4 Rfd8 15.f3 Nb6
16.Be3 f5 17.Bd3 fxe4 18.fxe4 Nd7 19.Rf1 c5 20.Qg4 Ne5 21.Bg5 Qe8 22.Qg3 Nxd3
23.Qxd3 Rd7 24.Qc4 b6 25.Rf4 a5 26.dxc5 Rc8 27.Raf1 Bxc5+ 28.Nxc5 Rxc5
29.Qxe6+ {#r} 1-0

[Event "It (open) \"]
[Site "masterchessopen.com Berlin (Germany)"]
[Round "1"]
[White "Burmakin Vladimir (RUS)"]
[Black "De Blecourt Sandra (DEN)"]
[Result "1-0"]
[WhiteElo "2550"]
[BlackElo "2090"]

1.d4 d5 2.Nf3 Nf6 3.c4 c6 4.Nc3 dxc4 5.a4 Bf5 6.e3 e6 7.Bxc4 Bb4 8.O-O O-O
9.Qe2 Bg6 10.Ne5 Nd5 11.Bd2 Qa5 12.Rfc1 Nb6 13.Bb3 Rd8 14.Nxg6 hxg6 15.Na2
Bxd2 16.Rc5 Qa6 17.Qxd2 N6d7 18.Rg5 Qb6 19.Qc2 Nf6 20.Bxe6 fxe6 21.Qxg6 Ne8
22.Qxe6+ Kf8 23.Rh5 {#r} 1-0

[Event "It (open)"]
[Site "masterchessopen.com Krasnodar (Russia)"]
[Round "0"]
[White "Shakhov Aleksandr E (RUS)"]
[Black "Najer Evgeniy (RUS)"]
[Result "0-1"]
[WhiteElo "2230"]
[BlackElo "2515"]

1.Nf3 d5 2.d4 Nf6 3.c4 c6 4.Nc3 dxc4 5.a4 Bf5 6.e3 e6 7.Bxc4 Bb4 8.O-O O-O
9.Qe2 Bg6 10.Ne5 Nbd7 11.Rd1 Nxe5 12.dxe5 Nd7 13.f4 Qe7 14.Na2 Ba5 15.b4 Bc7
16.Nc3 Qxb4 17.Rxd7 Qxc3 18.Bb2 Qa5 19.e4 Rad8 20.Rad1 Qb6+ 21.Bd4 Qa5 22.Bb2
Bb6+ 23.Kh1 Bh5 24.g4 Bxg4 25.Qxg4 Rxd7 26.Rf1 Qxa4 {#R} 0-1

[Event "Memorial Goldberg"]
[Site "masterchessopen.com Moscow (Russia)"]
[Round "4"]
[White "Rychagov Andrey (RUS)"]
[Black "Guliev Sarhan (AZE)"]
[Result "1-0"]
[WhiteElo "2495"]
[BlackElo "2445"]

1.d4 d5 2.c4 c6 3.Nf3 Nf6 4.Nc3 dxc4 5.a4 Bf5 6.e3 e6 7.Bxc4 Bb4 8.O-O O-O
9.Qe2 Ne4 10.Na2 Bd6 11.Ne5 Bxe5 12.dxe5 Nc5 13.Rd1 Qc7 14.b4 Nxa4 15.e4 Bg6
16.f4 a5 17.Rf1 axb4 18.f5 b5 19.Bb3 Nc5 20.Rb1 Nxb3 21.Rxb3 Qa7+ 22.Rf2 exf5
23.h4 fxe4 24.h5 Bf5 25.Rg3 Re8 26.Qd2 e3 27.Rxe3 Qd7 28.Qe1 c5 29.Rg3 Qe6
30.Qd2 {#r} 1-0

[Event "It (open)"]
[Site "masterchessopen.com Spree (Germany)"]
[Round "6"]
[White "Tiemer Klaus (GER)"]
[Black "Muskewitz Bernd (GER)"]
[Result "1-0"]
[WhiteElo "2067"]
[BlackElo "1992"]

1.d4 d5 2.Nf3 Nf6 3.c4 c6 4.Nc3 dxc4 5.a4 Bf5 6.e3 e6 7.Bxc4 Bb4 8.O-O O-O
9.Qe2 Ne4 10.Na2 Be7 11.Rd1 Nd7 12.Ne1 Nd6 13.Bd3 Bxd3 14.Nxd3 Bf6 15.Nc5 Qc7
16.Nxd7 Qxd7 17.e4 Be7 18.Nc3 b5 19.e5 Nf5 20.axb5 Nxd4 21.Qg4 Bc5 22.Be3 Rfd8
23.Ne4 Qe7 24.Bg5 h5 25.Qxh5 g6 26.Qg4 {#r} 1-0

[Event "It (open) \"]
[Site "masterchessopen.com St. Petersburg (Russia)"]
[Round "7"]
[White "Ioffe Alexander (RUS)"]
[Black "Soldatenkov Kusma (RUS)"]
[Result "1-0"]
[WhiteElo "2275"]
[BlackElo "2365"]

1.d4 d5 2.c4 c6 3.Nf3 Nf6 4.Nc3 dxc4 5.a4 Bf5 6.e3 e6 7.Bxc4 Bb4 8.O-O O-O
9.Qe2 Bg4 10.Rd1 Qa5 11.Bd2 Nbd7 12.h3 Bxf3 13.Qxf3 e5 14.Be1 Rad8 15.Bb3 exd4
16.Rxd4 Ne5 17.Qe2 Rxd4 18.exd4 Ng6 19.Rd1 Nf4 20.Qf3 Ne6 21.Bxe6 fxe6 22.Qe2
Bxc3 23.Qxe6+ Kh8 24.Bxc3 Qxa4 25.Re1 Nd5 26.Qf7 {#r} 1-0

[Event "Ch Europe (juniors) (under 14)"]
[Site "masterchessopen.com Tallinn (Estonia)"]
[Round "4"]
[White "Zubov Alexander (UKR)"]
[Black "Dziuba Marcin (POL)"]
[Result "1-0"]
[WhiteElo "2603"]
[BlackElo "2170"]

1.d4 d5 2.c4 c6 3.Nf3 Nf6 4.Nc3 dxc4 5.a4 Bf5 6.e3 e6 7.Bxc4 Bb4 8.O-O O-O
9.Qe2 Bg4 10.Na2 Be7 11.b4 Nbd7 12.Bb2 Nb6 13.Bb3 Ne4 14.h3 Bh5 15.Qc2 Bxf3
16.gxf3 Nf6 17.Bc3 Bd6 {#r} 1-0

[Event "Ch Paulista (team)"]
[Site "masterchessopen.com Americana (Brazil)"]
[Round "3"]
[White "Leal Paulo (POR)"]
[Black "Loureiro Luiz (BRA)"]
[Result "0-1"]
[WhiteElo "2135"]
[BlackElo "2365"]

1.d4 d5 2.c4 c6 3.Nf3 Nf6 4.Nc3 dxc4 5.a4 Bf5 6.e3 e6 7.Bxc4 Bb4 8.O-O O-O
9.Qe2 Nbd7 10.e4 Bg6 11.e5 Nd5 12.Ne4 Be7 13.Bd2 Re8 14.Rac1 Rc8 15.Bd3 c5
16.Nxc5 Nxc5 17.Bxg6 hxg6 18.dxc5 Bxc5 19.Rc4 Be7 20.Rg4 Qb6 21.Bg5 Qb3 22.Nd4
Qc4 23.Qf3 Qc7 24.Qh3 Bxg5 25.Rxg5 Qc1 26.Rg4 Nf4 27.Qf3 Qxf1+ {#R} 0-1

[Event "It (a)"]
[Site "masterchessopen.com Budapest (Hungary)"]
[Round "4"]
[White "Paschall William M (USA)"]
[Black "Kaczorowski Piotr (POL)"]
[Result "1-0"]
[WhiteElo "2365"]
[BlackElo "2093"]

1.d4 d5 2.c4 c6 3.Nf3 Nf6 4.Nc3 dxc4 5.a4 Bf5 6.e3 e6 7.Bxc4 Bb4 8.O-O O-O
9.Qe2 Nbd7 10.e4 Bg4 11.h3 Bh5 12.e5 Nd5 13.Ne4 Be7 14.Bd3 c5 15.Nxc5 Bxf3
16.Qxf3 Nxc5 17.dxc5 Bxc5 18.Qe4 g6 19.Bh6 Re8 20.Bb5 Qb6 21.Bxe8 Rxe8 22.a5
Qa6 23.Rfc1 Rc8 24.b4 {#r} 1-0

[Event "Ch Catalunia (team)"]
[Site "masterchessopen.com Catalunia (Spain)"]
[Round "5"]
[White "Gomez Jurado Luis Alberto (ESP)"]
[Black "Sanchez Devesa Antoni (ESP)"]
[Result "0-1"]
[WhiteElo "2365"]
[BlackElo "2134"]

1.d4 d5 2.Nf3 c6 3.c4 Nf6 4.Nc3 dxc4 5.a4 Bf5 6.e3 e6 7.Bxc4 Bb4 8.O-O O-O
9.Qe2 Nbd7 10.e4 Bg6 11.e5 Nd5 12.Ne4 Be7 13.a5 a6 14.Bd3 c5 15.dxc5 Nxc5
16.Nxc5 Bxc5 17.Bxg6 fxg6 18.Ng5 Qe7 19.Ra4 Rf5 20.Rc4 Bb4 21.g4 Rff8 22.Qe4
Bxa5 23.h4 Rac8 24.h5 Rxc4 25.Qxc4 h6 26.Ne4 Qh4 27.Nc5 Bb6 28.Nd3 gxh5 29.Kg2
hxg4 30.Nf4 g5 31.Qc2 gxf4 32.Qg6+ Kh8 {#R} 0-1

[Event "Ch Hungary (team) 1998/99"]
[Site "masterchessopen.com Hungary"]
[Round "0"]
[White "Beliavsky Alexander G (SLO)"]
[Black "Farkas Gyula (HUN)"]
[Result "1-0"]
[WhiteElo "2645"]
[BlackElo "2193"]

1.d4 d5 2.c4 c6 3.Nf3 Nf6 4.Nc3 dxc4 5.a4 Bf5 6.e3 e6 7.Bxc4 Bb4 8.O-O O-O
9.Qe2 Bg4 10.h3 Bh5 11.Rd1 Qe7 12.e4 Nbd7 13.Bg5 e5 14.d5 Rfe8 15.g4 Bg6
16.Nh4 Nf8 17.Nf5 Bxf5 18.exf5 h6 19.Bxf6 Qxf6 20.Ne4 Qh4 21.dxc6 bxc6
22.Bxf7+ Kh8 23.Bxe8 Rxe8 24.Kg2 {#r} 1-0

[Event "Ch Scotland"]
[Site "masterchessopen.com Largs (Scotland)"]
[Round "7"]
[White "Norris Alan J (SCO)"]
[Black "Campbell Eoin (SCO)"]
[Result "1-0"]
[WhiteElo "2330"]
[BlackElo "1885"]

1.d4 d5 2.c4 c6 3.Nf3 Nf6 4.Nc3 dxc4 5.a4 Bf5 6.e3 e6 7.Bxc4 Bb4 8.O-O O-O
9.Qe2 Bg6 10.Ne5 Nbd7 11.Nxg6 hxg6 12.Rd1 Qa5 13.Bd2 e5 14.d5 Rad8 15.dxc6
bxc6 16.Be1 e4 17.Rd4 Ne5 18.Ba6 c5 19.Rxd8 Rxd8 20.Bc4 Rd7 21.Bb5 Rd6 22.Kf1
Qd8 23.Rd1 Nd3 24.Nxe4 Nxe4 25.Rxd3 Bxe1 26.Kxe1 Qa5+ 27.Kf1 a6 28.Rxd6 Nxd6
29.Bc6 Nc8 30.g3 Nb6 31.Qe1 {#r} 1-0

[Event "Ch World (juniors) (under 16)"]
[Site "masterchessopen.com Marina d'Or (Spain)"]
[Round "4"]
[White "Jakupovic Neven (BIH)"]
[Black "Salvador Roland (PHI)"]
[Result "0-1"]
[WhiteElo "2260"]
[BlackElo "2501"]

1.d4 d5 2.c4 c6 3.Nc3 Nf6 4.Nf3 dxc4 5.a4 Bf5 6.e3 e6 7.Bxc4 Bb4 8.O-O O-O
9.Qe2 Bg6 10.e4 Bxc3 11.bxc3 Nxe4 12.Ba3 Re8 13.Qe3 Nd6 14.Ba2 Nf5 15.Qf4 Nd7
16.h4 h6 17.g3 Nb6 18.Kg2 Nd5 19.Bxd5 Qxd5 20.Rh1 f6 21.Rae1 h5 22.Kg1 Nh6
23.Nh2 e5 24.dxe5 Rxe5 25.Rxe5 fxe5 26.Qe3 Rd8 27.f3 Qa2 28.c4 Rd1+ {#R} 0-1

[Event "Ch USA (juniors)"]
[Site "masterchessopen.com Nashville (USA)"]
[Round "4"]
[White "Mont-Reynaud Jordy (USA)"]
[Black "Siegel Noah J (USA)"]
[Result "0-1"]
[WhiteElo "2125"]
[BlackElo "2240"]

1.d4 d5 2.c4 c6 3.Nf3 Nf6 4.Nc3 dxc4 5.a4 Bf5 6.e3 e6 7.Bxc4 Bb4 8.O-O O-O
9.Qe2 Bg4 10.h3 Bxf3 11.Qxf3 Nbd7 12.Rd1 a5 13.e4 e5 14.Be3 Qc7 15.Rac1 exd4
16.Bxd4 Ne5 17.Qe2 Qe7 18.Ba2 Rfe8 19.Qe3 Ng6 20.Bxf6 Qxf6 21.Qb6 Qe7 22.Bb1
Bc5 23.Qb3 Nf4 24.Kh2 Qg5 25.g3 Bxf2 26.Na2 Ne2 27.Rc2 Bxg3+ 28.Kh1 Qh5 29.Kg2
Nf4+ {#R} 0-1

[Event "It (open)"]
[Site "masterchessopen.com Nikea (Greece)"]
[Round "9"]
[White "Vasiliou Kostantinos (GRE)"]
[Black "Koustas Anastasios (GRE)"]
[Result "0-1"]
[WhiteElo "2048"]
[BlackElo "2252"]

1.d4 d5 2.Nf3 c6 3.c4 Nf6 4.a4 Bf5 5.e3 e6 6.Nc3 dxc4 7.Bxc4 Bb4 8.O-O O-O
9.Qe2 Nbd7 10.e4 Bg6 11.Bd3 Bh5 12.e5 Nd5 13.Nxd5 cxd5 14.b3 Rc8 15.Ba3 Bxa3
16.Rxa3 Qe7 17.Ra2 Bg6 18.Bxg6 fxg6 19.Rc2 Rxc2 20.Qxc2 Nb8 21.Qd2 Nc6 22.Rc1
h6 23.a5 a6 24.Ne1 Qa3 25.Rxc6 bxc6 26.Qc2 Qxa5 {#R} 0-1

[Event "Cup Russia"]
[Site "masterchessopen.com Nizhnij Novgorod (Russia)"]
[Round "1"]
[White "Haselhorst Helmut (GER)"]
[Black "Kuporosov Viktor (RUS)"]
[Result "0-1"]
[WhiteElo "2139"]
[BlackElo "2500"]

1.d4 d5 2.Nf3 Nf6 3.c4 c6 4.Nc3 dxc4 5.a4 Bf5 6.e3 e6 7.Bxc4 Bb4 8.O-O O-O
9.Qe2 Bg6 10.Ne5 Nbd7 11.Nxg6 hxg6 12.e4 e5 13.Rd1 Qa5 14.dxe5 Nxe5 15.Ba2
Rad8 16.Bd2 Nd3 17.Bb1 Nxb2 18.Rc1 Nc4 19.Be1 Rd4 20.f4 Re8 21.Qa2 Ng4 22.Ne2
Bxe1 23.Nxd4 Bf2+ 24.Kf1 Bxd4 {#R} 0-1

[Event "Ch Hungary (open)"]
[Site "masterchessopen.com Pecs (Hungary)"]
[Round "9"]
[White "Csiszar Zoltan (HUN)"]
[Black "Schuetz Peter (SVK)"]
[Result "1-0"]
[WhiteElo "2272"]
[BlackElo "1889"]

1.d4 d5 2.Nf3 Nf6 3.c4 dxc4 4.Nc3 c6 5.a4 Bf5 6.e3 e6 7.Bxc4 Bb4 8.O-O O-O
9.Qe2 Bg4 10.h3 Bh5 11.Rd1 Bxc3 12.bxc3 Ne4 13.g4 Bg6 14.Bb2 Nd7 15.Qf1 Qf6
16.Qg2 Nd6 17.Be2 Rfe8 18.Qg3 Ne4 19.Qf4 Qxf4 20.exf4 f6 21.Re1 Nd6 22.Ba3 Nc8
23.Bc4 Bf7 24.a5 b6 25.Rab1 bxa5 26.f5 Nf8 27.fxe6 Bg6 28.e7+ {#r} 1-0

[Event "It (open)"]
[Site "masterchessopen.com Reykjavik (Iceland)"]
[Round "1"]
[White "Olafsson Helgi (ISL)"]
[Black "Halldorsson Jon Arni (ISL)"]
[Result "1-0"]
[WhiteElo "2270"]
[BlackElo "2200"]

1.Nf3 d5 2.d4 Nf6 3.c4 c6 4.Nc3 dxc4 5.a4 Bf5 6.e3 e6 7.Bxc4 Bb4 8.O-O O-O
9.Qe2 Nbd7 10.e4 Bg6 11.Bd3 Qa5 12.Bf4 Rfe8 13.Rfc1 Rac8 14.Na2 Bf8 15.h3 c5
16.dxc5 Bxc5 17.Rc4 Bf8 18.Rac1 Rxc4 19.Rxc4 e5 20.Be3 Nb8 21.Bd2 Qd8 22.b4
Nfd7 23.Be3 a6 24.Qc2 Bd6 25.b5 f6 26.Rc3 Bf7 27.Bc4 Qe7 28.Nd2 Be6 29.Rd3 Nf8
30.Nc3 Bxc4 31.Nxc4 Bc5 32.Nd5 {#r} 1-0

[Event "Ch Hessen (MVT)"]
[Site "masterchessopen.com Baunatal (Germany)"]
[Round "8"]
[White "Mittendorf Frank (GER)"]
[Black "Lange Klaus (GER)"]
[Result "1-0"]
[WhiteElo "2239"]
[BlackElo "2164"]

1.d4 d5 2.Nf3 Nf6 3.c4 c6 4.Nc3 dxc4 5.a4 Bf5 6.e3 e6 7.Bxc4 Bb4 8.O-O O-O
9.Qe2 Nbd7 10.e4 Bxc3 11.exf5 Bb4 12.fxe6 Nb6 13.Bg5 Nbd5 14.Bxd5 Qxd5 15.Bxf6
gxf6 16.exf7+ Rxf7 17.Rac1 a5 18.Rfd1 Kh8 19.Qc4 Qh5 20.Rd3 Rg7 21.g3 Rag8
22.d5 Rg4 23.Qb3 cxd5 24.Qxd5 Qh6 25.Rc7 b6 26.Qe6 Bc5 27.Ne5 Bxf2+ 28.Kg2
R4g7 29.Rxg7 {#r} 1-0

[Event "Ch Spain (team) (1 Div)"]
[Site "masterchessopen.com Cala Galdana (Spain)"]
[Round "9"]
[White "Izeta Txabarri Felix (ESP)"]
[Black "Franco Ocampos Zenon (PAR)"]
[Result "0-1"]
[WhiteElo "2505"]
[BlackElo "2474"]

1.d4 d5 2.c4 c6 3.Nf3 Nf6 4.Nc3 dxc4 5.a4 Bf5 6.e3 e6 7.Bxc4 Bb4 8.O-O O-O
9.Qe2 Bg6 10.Ne5 Nbd7 11.Nxg6 hxg6 12.Rd1 Qa5 13.e4 Bxc3 14.bxc3 Qxc3 15.Ra3
Qb4 16.Rh3 Qxa4 17.e5 Nd5 18.Bb3 Qa5 19.Qg4 Rae8 20.Qh4 f6 21.Qg4 Kf7 22.Rg3
g5 23.h4 Rh8 24.hxg5 f5 25.g6+ Kg8 26.Qf3 Nf8 27.Bd2 Qb6 28.Be1 {#R} 0-1

[Event "It (open)"]
[Site "masterchessopen.com Fuerth (Germany)"]
[Round "7"]
[White "Reis Gerhard (GER)"]
[Black "Berreth Marc (GER)"]
[Result "1-0"]
[WhiteElo "2245"]
[BlackElo "2121"]

1.Nf3 Nf6 2.c4 c6 3.Nc3 d5 4.d4 dxc4 5.a4 Bf5 6.e3 e6 7.Bxc4 Bb4 8.O-O O-O
9.Qe2 Nbd7 10.Rd1 Qa5 11.e4 Bg6 12.e5 Nd5 13.Nxd5 cxd5 14.Bd3 Be7 15.Bd2 Bxd3
16.Qxd3 Qa6 17.Qe3 f6 18.exf6 Rxf6 19.Rdc1 Bd6 20.Ne5 Nb6 21.b4 Nxa4 22.h4 Kh8
23.Nd7 Bf4 24.Qe1 Qd3 25.Bxf4 Rxf4 26.Rxa4 Qxd4 27.Qe3 Re8 28.Qxd4 Rxd4 29.g3
b5 30.Rxa7 Rxb4 31.Rcc7 d4 32.Ne5 {#r} 1-0

[Event "Bundesliga (2nd) North 1999/00"]
[Site "masterchessopen.com Germany"]
[Round "0"]
[White "Lamprecht Frank (GER)"]
[Black "Hegeler Frank (GER)"]
[Result "1-0"]
[WhiteElo "2408"]
[BlackElo "2347"]

1.d4 d5 2.c4 c6 3.Nf3 Nf6 4.Nc3 dxc4 5.a4 Bf5 6.e3 e6 7.Bxc4 Bb4 8.O-O O-O
9.Qe2 Bg6 10.Rd1 Qa5 11.Ne5 Nbd7 12.Nxg6 hxg6 13.Qc2 c5 14.Na2 cxd4 15.Rxd4
Rac8 16.Nxb4 Qxb4 17.Qe2 Qa5 18.Bd2 Qb6 19.Bb5 e5 20.Rb4 a5 21.Rc4 Rc5 22.b4
axb4 23.Bxb4 Rxc4 24.Qxc4 Ra8 25.Rd1 Nf8 26.Rd6 Qa7 27.Bc3 Ne8 28.Rd5 e4
29.Rd1 Ne6 30.Qxe4 Nc5 31.Qe7 {#r} 1-0

[Event "Cup Sweden (qual)"]
[Site "masterchessopen.com Hallstahammar (Sweden)"]
[Round "1"]
[White "Pettersson Anders (SWE)"]
[Black "Landgren Andreas (SWE)"]
[Result "0-1"]
[WhiteElo "2205"]
[BlackElo "2134"]

1.d4 d5 2.c4 c6 3.Nc3 Nf6 4.Nf3 dxc4 5.a4 Bf5 6.e3 e6 7.Bxc4 Bb4 8.O-O O-O
9.Qe2 Bg6 10.Bd2 Nbd7 11.Ne4 Bxd2 12.Nxf6+ Qxf6 13.Nxd2 e5 14.d5 e4 15.dxc6
bxc6 16.Nb3 Ne5 17.Rac1 Rad8 18.Rc3 Nf3+ 19.Kh1 Bh5 20.Qc2 Qe5 21.g3 Qf5
22.Kg2 Nh4+ 23.Kg1 Qf3 24.gxh4 Rd6 25.Be6 fxe6 26.Rc5 Qg4+ 27.Kh1 Qh3 28.Kg1
e5 29.f4 Rg6+ {#R} 0-1